Großstädte Perus - Statistiken

Allgemein
  • Dieses Quiz wurde 30 mal gespielt
  • Das Durchschnittsergebnis liegt bei 8 aus 24
Antwortstatistiken
Eiwohnerzahl Stadt % Korrekt
11.166.200 Lima
100%
492.400 Cusco
65%
1.125.400 Arequipa
58%
325.700 Ica
46%
136.800 Puno
46%
1.025.100 Trujillo
46%
133.200 Huaraz
38%
430.700 Iquitos
38%
547.100 Piura
35%
334.000 Tacna
35%
240.100 Ayacucho
31%
663.200 Chiclayo
31%
227.600 Cajamarca
27%
395.100 Chimbote
27%
396.400 Pucallpa
27%
169.800 Tarapoto
23%
316.900 Juliaca
19%
450.900 Huancayo
15%
110.600 Tumbes
15%
208.100 Sullana
12%
221.300 Huánuco
8%
100.300 Puerto Maldonado
8%
219.700 Chincha Alta
0%
172.700 Huacho
0%
Keine übereinstimmenden Quizze gefunden
Verteilung der Resultate
Anzahl Personen mit jedem Resultat
Perzentil nach korrekt beantworteten Fragen
Ihre Resultats-Entwicklung
Sie haben dieses Quiz noch nicht gespielt